| 000 | 01427nam a2200373 c 4500 | ||
|---|---|---|---|
| 003 | BLK | ||
| 005 | 20240731111947.0 | ||
| 008 | 180410b bul|||||r ||||||| ||bul|| | ||
| 010 | _aKNG00164787000 | ||
| 020 | _a978-954-26-1185-1 | ||
| 040 | _aBLK | ||
| 041 |
_aBUL _cBUL |
||
| 072 | 7 |
_2bullib _aН83 _xЧужда художествена литература Н |
|
| 080 |
_aАмериканска литература (на САЩ) _b821.111(73) _x-312.4 _z821.111(73)-312.4 |
||
| 100 | 1 |
_aХеншоу, Марк _eпърви автор _9136823 |
|
| 139 |
_aХеншоу, Марк _bХ 42 |
||
| 245 | 1 | 0 |
_aЧервената клетка _bРоман _cМарк Хеншоу; прев. от англ. Димитър Димитров. |
| 257 | _aUSA | ||
| 260 |
_bХермес _c2013 _fХасково : Полиграфюг |
||
| 300 |
_a384 с. _c20 см |
||
| 380 | _aX | ||
| 490 | _aМегаселър | ||
| 500 | _aОриг. загл. Red Cell / Mark Henshaw. | ||
| 653 | _aтрилъри | ||
| 653 | _aромани | ||
| 659 | _aН | ||
| 700 |
_aДимитров, Димитър Добрев _d1961 - _gПреводач от английски език. _9322262 |
||
| 852 | _aЦб 270729 | ||
| 856 | 4 | _qpdf | |
| 856 | 4 | _qpdf | |
| 942 |
_cKNG _n0 _040 |
||
| 944 |
_aCR _c05.09.2014 _lМартин Енчев _k30575 |
||
| 944 |
_aED _c14.02.2018 _lф / _kЛюдмила_Стоянова |
||
| 999 |
_c157836 _d157836 |
||